Loading...
| Religion | 0 | 4 | 0 | 0 | 40 | 62 | 88.00 | 1 | 3 | 9.56 | 26.67 |
| Philosophy | 0 | 3 | 1 | 0 | 25 | 56 | 89.00 | 2 | 3 | 8.76 | 31.11 |
| History - World | 0 | 1 | 0 | 0 | 10 | 88 | 88.00 | 0 | 0 | 3.65 | 2.22 |
| Social Science | 0 | 1 | 0 | 0 | 10 | 91 | 91.00 | 0 | 1 | 0.79 | 4.44 |
| Fine Arts - Painting and Sculpture | 0 | 1 | 0 | 1 | 10 | 95 | 95.00 | 0 | 1 | 2.01 | 4.44 |
| Literature - World | 0 | 1 | 0 | 0 | 10 | 144 | 144.00 | 0 | 1 | 0.00 | 2.22 |
| Science - Other | 0 | 1 | 0 | 0 | 10 | 101 | 101.00 | 0 | 1 | 1.76 | 4.44 |
| Current Events | 0 | 1 | 0 | 0 | 10 | 18 | 18.00 | 1 | 1 | 28.65 | 33.33 |
| Geography | 0 | 0 | 1 | 0 | -5 | 0.00 | 0 | 0 | 0.00 | 0.00 | |
| Literature - European | 0 | 0 | 1 | 0 | -5 | 0.00 | 0 | 0 | 0.00 | 0.00 | |
| Science - Biology | 0 | 0 | 1 | 0 | -5 | 0.00 | 0 | 0 | 0.00 | 0.00 | |
| History - European | 0 | 0 | 1 | 0 | -5 | 0.00 | 0 | 0 | 0.00 | 0.00 |